[Event "Bundesliga 0506"]
[Site "Germany"]
[Date "2005.10.21"]
[Round "7.6"]
[White "Medvegy, Zoltan"]
[Black "Hertneck, Gerald"]
[Result "1/2-1/2"]
[WhiteElo "2478"]
[BlackElo "2539"]
[Annotator "Postny,E"]
[PlyCount "78"]
[EventDate "2005.10.21"]
[EventType "team-tourn"]
[EventRounds "15"]
[EventCountry "GER"]
[SourceTitle "CBM 110"]
[Source "ChessBase"]
[SourceDate "2006.01.31"]
[SourceVersion "1"]
[SourceVersionDate "2006.01.31"]
[SourceQuality "1"]
[WhiteTeam "Eppingen"]
[BlackTeam "Tegernsee"]
[WhiteTeamCountry "GER"]
[BlackTeamCountry "GER"]

1. d4 Nf6 2. Nf3 e6 3. g3 b5 {In this line black is trying to seize some space
on the queenside. Since the white light-squared bishop will be developed to g2,
the b5 pawn won't be attacked by the bishop.} 4. Bg2 Bb7 5. O-O c5 6. Na3 {
Attacking the Pb5 and preparing the advance c2-c4.} Qb6 (6... a6 7. c4 b4 8.
Nc2 Qb6 9. Be3 a5 10. dxc5 Bxc5 11. Bxc5 Qxc5 $11 {0-1 Gozzoli,Y (2429)
-Bocharov,D (2569)/Abu Dhabi 2004/CBM 103_01/[Postny,E] (51)}) 7. c4 (7. dxc5
Bxc5 8. b4 Bxb4 9. Rb1 Nc6 10. c3 Bxa3 11. Bxa3 Na5 12. Bb4 Nc4 13. Nd2 Bxg2
14. Nxc4 bxc4 15. Kxg2 Nd5 16. e4 Nxb4 17. Rxb4 Qc6 18. Qd4 {1/2-1/2
Romanishin,O (2543)-Aleksandrov,A (2659)/Calcutta 2004/CBM 103 ext}) 7... b4 8.
Nc2 (8. Nb5 a6 9. dxc5 Bxc5 10. Nbd4 Ne4 11. Be3 Nc6 12. Qd3 Nf6 13. Rad1 O-O
14. Nc2 Rfd8 15. Bxc5 Qxc5 16. Ne3 a5 $11 {1/2-1/2 Chytilek,R (2424)-Dydyshko,
V (2581)/Czech Rep CZE 2004/The Week in Chess 548 (44)}) 8... d6 (8... Na6 9.
b3 Be7 10. Bb2 O-O 11. Ne3 cxd4 12. Bxd4 Nc5 13. Qc2 Be4 14. Qb2 d6 15. Ne1
Bxg2 16. N3xg2 Qc6 17. Rd1 a5 18. Nd3 $11 {0-1 Shvidler,E (2465)-Goldin,A 
(2590)/Israel 1997/CBM 058 ext (40)}) 9. a3 a5 10. axb4 $146 (10. Ne3 Nbd7 $2
11. d5 $1 e5 12. Qa4 g6 13. Bh3 $16 {1-0 Nava Pereda,C (2290)-Alvarez Ibarra,R/
San Sebastian 1996/EXT 2001 (32)}) 10... axb4 11. Rxa8 Bxa8 12. d5 $1 {The
right and the only way to fight for the initiative.} exd5 13. Nh4 g6 {It is
necessary to cover the f5 square.} 14. Ne3 Bg7 15. cxd5 O-O {After all the
opponents landed in a typical Benoni-type position. White might enjoy a slight
edge thanks to a blockading c4 square.} 16. b3 Nbd7 17. Nc4 Qc7 18. Bf4 $6 {
Attacking the Pd6, but in general white's bishop obstructs his own pawns and
also quite vulnerable on f4.} ({Stronger would have been to put the bishop on
the long diagonal:} 18. Bb2 $14 {[%cal Ge2e4,Gf2f4]}) 18... Ne8 19. Nf3 Ndf6
20. Ne1 Nh5 21. Bc1 f5 $132 22. Nd3 Qe7 23. Nf4 Nxf4 24. Bxf4 g5 $1 {A typical
plan in Benoni. Black should not be afraid of the visible weakness of his
kingside. It is more important to seize space and drive away white's pieces to
a passive locations.} 25. Bc1 Nc7 26. Qd3 $6 {GM Medvegy decided to go for a
double-edged e2-e4 thrust.} ({A more solid possibility is} 26. Qd2 {[%csl Rg5]
[%cal Od2g5]} h6 27. Bb2 $13 {exchanging black's strong dark-squared bishop.})
26... Nb5 27. e4 fxe4 28. Bxe4 Nc3 $1 {Black gives the Ph7, but wins the
important Pd5 instead.} 29. Bxh7+ Kh8 30. Ne3 Bd4 31. Bg6 Nxd5 (31... Bxe3 $5 {
This is a computer-like move. For a human being it's very dangerous to give
such a strong bishop, when both kings are exposed. However, the concrete
variations seem to work fine for black:} 32. Bxe3 (32. fxe3 Bxd5 33. Rxf8+ Qxf8
34. e4 Bxb3 35. Bxg5 Be6 $15 {[%csl Gb4,Gc5]} (35... Bc4 $6 36. Qxc4 Qf3 {
[%cal Of3e2,Gc3e2]} 37. Bh5 Qxh5 38. Bf6+ Kh7 39. Qe6 Qd1+ 40. Kg2 Qe2+ 41. Kh3
Qh5+ $11)) 32... Bxd5 33. Re1 Qf6 34. f4 g4 35. f5 Be4 $17) 32. Nxd5 (32. Nf5
$2 Qb7 $1 33. Nxd4 Nf4 34. Be4 Nxd3 35. Bxb7 Bxb7 $19) 32... Bxd5 (32... Rxf2
$2 33. Be3 Rg2+ 34. Kxg2 Bxd5+ 35. Kh3 $16) 33. Bb2 Bxb2 34. Qxd5 Bd4 35. Kg2
Qe2 {Going for a forced perpetual check. It does not seems that black had
anything better.} 36. Qxg5 Rxf2+ 37. Rxf2 Qxf2+ 38. Kh3 Qf1+ 39. Kg4 Qe2+
1/2-1/2

[Event "RUS-chT 12th"]
[Site "Sochi"]
[Date "2005.04.22"]
[Round "4"]
[White "Malakhov, Vladimir"]
[Black "Alekseev, Evgeny V"]
[Result "1/2-1/2"]
[WhiteElo "2670"]
[BlackElo "2597"]
[Annotator "Postny,E"]
[PlyCount "98"]
[EventDate "2005.04.19"]
[EventType "team-tourn"]
[EventRounds "11"]
[EventCountry "RUS"]
[SourceTitle "EXT 2020"]
[Source "ChessBase"]
[SourceDate "2019.10.17"]
[SourceVersion "1"]
[SourceVersionDate "2019.10.17"]
[SourceQuality "1"]
[WhiteTeam "Moscow Youth of"]
[BlackTeam "Togliatti Lada"]
[WhiteTeamCountry "RUS"]
[BlackTeamCountry "RUS"]

1. d4 Nf6 2. Nf3 e6 3. g3 c5 4. Bg2 cxd4 5. O-O a6 {Black is building up a
"hedgehog type" position. The main alternatives are: 5...d5 and 5...Nc6.} 6.
Nxd4 Qc7 7. Nb3 (7. e4 Bc5 (7... Nc6 8. c4 Nxd4 9. Qxd4 Bc5 10. Qc3 e5 {
- see the annotated game Murshed,N-Ionov,S/Abu Dhabi 2003/CBM 97 [Finkel]}) 8.
c4 d6 9. Nc3 O-O 10. Nb3 Ba7 11. Bf4 e5 12. Bg5 Nbd7 13. Rc1 h6 14. Nd5 Nxd5
15. cxd5 Qb8 16. Bd2 Nf6 17. h3 Bd7 $11 {1/2-1/2 Lautier,J-Ivanchuk,V/Monaco
rapid 1999 (30)}) (7. b3 d5 8. Bb2 e5 9. Nf3 Nc6 10. e3 Be6 11. Nbd2 Rd8 12. c4
dxc4 13. Qc1 c3 14. Bxc3 Nd5 15. Ng5 Bc8 16. Bb2 Be7 17. Ngf3 f6 18. a3 O-O $11
{1-0 Moiseenko,A-Christiansen,L/Kapuskasing 2003 (73)}) 7... d6 $146 {All the
previous games went with the immediate 7...Be7.} (7... Be7 8. Bf4 d6 9. c4 Nbd7
10. Nc3 (10. Na3 Nh5 11. Bd2 Rb8 12. Rc1 b6 13. g4 Nhf6 14. g5 Nh5 15. e3 g6
16. f4 Bb7 $13 {1-0 Nikolic,P-Gelfand,B/Candidates m 1991 (53)}) 10... Nh5 11.
Be3 O-O 12. Rc1 Rb8 13. Ba7 Ra8 14. Be3 Rb8 15. Nd4 Nhf6 16. h3 Rd8 17. b3 Nf8
18. Qd2 Re8 19. a4 Bd7 20. Rfd1 {1/2-1/2 Ivanov,S-Alekseev,E/Krasnoyarsk 2003/
CBM 98 (20)}) 8. a4 (8. Bf4 Be7 9. c4 {is probably a more promising plan for
white (see 7...Be7).}) 8... Be7 9. a5 {A typical attempt to prevent Black's
smooth development of queenside pieces.} O-O 10. Nc3 {White's knight is
heading to the outpost b6.} Nbd7 11. Na4 Ne5 12. Be3 (12. Nb6 Rb8 $11 {[%cal
Gc8d7,Gd7c6]}) 12... Bd7 13. Nb6 (13. Bb6 Qc8 (13... Qc4 $6 {[%csl Ra4]} 14.
Nd2 Qc8 15. Bd4) 14. Bd4 Nc4 15. Nd2 e5 16. Bc3 (16. Nxc4 Qxc4 {[%csl Ra4,Rd4]}
) 16... Bh3 $1 17. Nxc4 (17. Bxh3 $2 Qxh3 18. Nxc4 Ng4 $19) 17... Bxg2 18. Kxg2
Qxc4 19. Nb6 Qc6+ {and black is OK.}) 13... Rab8 14. c4 $6 ({It was stronger
to eliminate the light-squared bishop:} 14. Nxd7 Nfxd7 15. Bf4 {with
approximate equality.}) 14... Bc6 (14... Nxc4 $2 15. Rc1 d5 16. Bf4 e5 17. Bg5
{[%csl Rc4,Rd5][%cal Gc1c7] and Black is collapsing.}) 15. f3 {This move looks
quite ugly, but the exchange of the light-squared bishops was obviously in
black's favour.} d5 $15 16. c5 (16. Bf4 g5 $1 17. Bxg5 dxc4 $36) 16... Nc4 17.
Qc1 Bb5 {White's space on the queenside has no real significance, while Black
has better control over the centre.} 18. Bd4 Nd7 (18... e5 19. Bf2 Rbd8 $15)
19. Kh1 Bf6 (19... Nxc5 $4 20. Bxc5 Bxc5 21. Nxc5 Qxc5 22. b3 $18 {[%csl Rc4]
[%cal Gc1c5]}) 20. Nxd7 Bxd4 21. Nxd4 Bxd7 22. b4 e5 23. Nb3 Be6 {Black's
position is obviously preferable, but it's hard to find any clear attacking
plan. In the following few move both sides are trying to consolidate their
forces to the maximum.} 24. f4 f6 25. e3 Qd7 26. Rd1 Rbd8 27. Qc3 Qf7 28. Kg1
Rfe8 29. Bf1 Kh8 30. Rac1 h5 $6 (30... Qh5 $15) 31. Na1 $2 {White is intending
to transfer the knight via c2 to a3 to get rid of black's strong knight.
However, this manouevre is too slow and black gets enough time to create
serious threats on the kingside.} ({Much more tempting would have been} 31. c6
$1 bxc6 32. Nc5 {and White is at least not worse.}) 31... h4 32. Nc2 Qg6 33.
Kf2 Qh5 $6 (33... Bf5 $1 {[%csl Ge4][%cal Gf5e4] seems to be very strong.}) 34.
Bg2 Bf7 35. Re1 (35. Na3 $2 d4 $1 36. exd4 exd4 $19 {[%csl Re2]}) 35... Qf5 36.
Rcd1 Qh5 37. Bf3 Qh6 38. Na3 d4 ({Bad for black is} 38... hxg3+ 39. hxg3 Qh2+
40. Bg2 {[%cal Re1h1,Rh1h8]}) 39. exd4 exd4 40. Rxe8+ $2 ({The right capture
is:} 40. Rxd4 $1 Rxd4 (40... Nxa3 41. Rxd8 Rxd8 42. Qxa3 hxg3+ 43. Kxg3 {
and Black does not have any decisive continuation.}) 41. Rxe8+ Bxe8 42. Qxd4
Nxa3 43. Qd8 (43. Qd3 $5 Nb5 44. Bxb7) 43... hxg3+ 44. hxg3 Qg6 45. f5 Qf7 46.
Bd5 Qh5 47. Bf3 Qf7 48. Bd5 $11) 40... Rxe8 41. Rxd4 hxg3+ 42. Kxg3 (42. hxg3
$4 Qh2+ 43. Bg2 Ne3 $19) 42... Ne3 43. Qd3 (43. Be4 {[%tqu "En","Find the
winning combination.","","","e8e4","",10]} Rxe4 $1 44. Rxe4 Qg6+ 45. Kf3 {
[%tqu "En","Continue the attack.","","","e3d1","",10]} Nd1 $1 46. Qd3 f5 {
[%csl Re4][%cal Gg6g4]} 47. Ke2 Qg4+ 48. Ke1 Nb2 $1 $19) 43... Bg6 44. Be4 Bxe4
$2 {Missing the winning continuation.} (44... Nd5 $1 {[%csl Rf4] was simply
devastating.} 45. Bxg6 (45. f5 Bxf5 $1 46. Bxf5 Re3+ $19) (45. Qf3 Bxe4 46.
Rxe4 Qg6+ $19 {[%csl Re4,Rg3]}) 45... Re3+ 46. Qxe3 Qxg6+ 47. Kf2 Nxe3 48. Kxe3
Qg1+ {and Black is winning.}) 45. Rxe4 Nf1+ 46. Kf2 Qxh2+ 47. Ke1 (47. Kxf1 $4
Qh1+ $19 {[%csl Re4,Rf1]}) 47... Rxe4+ 48. Qxe4 Ng3 49. Qf3 f5 {Black still
looks better, but the analysis shows that the draw is the correct result in
this position.} (49... f5 50. Kd1 Ne4 (50... Qh5 $4 51. Qxh5+ Nxh5 52. b5 $1
Nf6 53. c6 bxc6 54. bxa6 Nd5 55. a7 Nc7 56. Nc4 $18 {[%cal Rc4b6]}) 51. Nc4 Qa2
52. Qh5+ Kg8 53. Qe8+ {with a perpetual check.}) 1/2-1/2

[Event "Paris Apsap op 103rd"]
[Site "Paris"]
[Date "2008.08.10"]
[Round "7"]
[White "Piankov, Evgenij"]
[Black "Camus de Solliers, Guillaume"]
[Result "0-1"]
[WhiteElo "2337"]
[BlackElo "2319"]
[Annotator "Primel,D"]
[PlyCount "136"]
[EventDate "2008.08.06"]
[EventType "swiss"]
[EventRounds "9"]
[EventCountry "FRA"]
[SourceTitle "EXT 2010"]
[Source "ChessBase"]
[SourceDate "2010.11.25"]
[SourceVersion "1"]
[SourceVersionDate "2010.11.25"]
[SourceQuality "1"]

1. d4 e6 2. Nf3 c5 {un bon ordre de coups des noirs pour égaliser} 3. c3 Nf6 (
3... Nc6 $5 {Interessant pour éviter l'attaque TORRE}) 4. Bg5 cxd4 $11 (4... d5
{la grande ligne de l'attaque TORRE} 5. e3 Qb6) 5. cxd4 Qb6 $1 6. Qb3 $2 (6.
Qc2 $142 Nc6 7. Bxf6 gxf6 8. e3 d5 9. Nc3 Bd7 {[%cal Ga8c8,Gc8c2]} 10. Be2 Be7
(10... Rc8 $1 11. O-O Na5 12. Rac1 {[%cal Ga5c4]} Be7 $15) 11. O-O O-O 12. Na4
Qc7 13. Nc5 Rfc8 14. Nxd7 Qxd7 15. Qa4 Ne5 16. Qxd7 Nxd7 17. Rfc1 Nb6 18. Bd3
Na4 19. Rxc8+ Rxc8 20. Rb1 a6 {Larsen,B (2585)-Portisch,L (2655)/Tilburg 1980/
MCD/0-1 (65)}) (6. Qc1 Nc6 7. Bxf6 gxf6 8. e3 $11 {Speelman,J (2623)-Hracek,Z 
(2612) Lippstadt 10th 2000 (2) 1/2}) 6... Qxb3 $6 (6... Ne4 $142 $1 {Le jeune
KARPOV avait gagné en ...11 coups en réfutant Qb3} 7. Bf4 Nc6 8. e3 (8. Qxb6
axb6 9. Nc3 Bb4 10. Bd2 Nxd2 $15 {Riquelme Valero,M (2240)-Sanz Alonso,F (2425)
ESP-ch Torrevieja 1997 (7) 0-1}) 8... Bb4+ 9. Nbd2 g5 $1 10. Bxg5 Bxd2+ 11.
Nxd2 Qa5 {[%cal Ga5d2,Ge4d2,Ge4g5];Sangla,P-Karpov,A URS-chT Riga 1968 0-1}) 7.
axb3 Ne4 {Trop tard!} 8. Bf4 $146 (8. Nc3 {Zhuravliov,V (2416)-Novichkov,V 
(2419) Zeleny Shum-C 2000 (9) 0-1}) 8... Bb4+ 9. Nfd2 Nc6 $15 {[%cal Gc6d4]}
10. e3 d5 11. Bd3 Nxd2 12. Nxd2 Bd7 13. Ke2 Na5 $1 14. Bc2 Bb5+ $36 15. Kd1 b6
16. Rc1 Rc8 17. Bb1 $2 {[%csl Rb3] Perd un P} Rxc1+ 18. Kxc1 Ke7 19. Kd1 Rc8
20. e4 $2 dxe4 21. Bxe4 Bxd2 22. Kxd2 Nxb3+ 23. Ke3 Bc6 24. Bb1 Rd8 25. Rd1 Bd5
$6 {Les noirs se privent du thème tactique sur la colonne "d" et la Rd1 non
protégée} (25... f6 $142 {[%cal Gd8d1,Ge6e5]} 26. Ba2 Nxd4 $1 {[%csl Rd1]}) 26.
f3 (26. Bxh7 f6 27. g4 e5) 26... Rc8 27. Bd3 Bc4 28. Bc2 Na5 29. Ra1 Bb5 30.
Be4 Nc4+ 31. Kf2 a5 32. Bd3 Kd7 33. Rc1 h5 34. h4 Nd6 35. Rxc8 {le MI espère
annuler la finale de B de couleurs opposées mais les noirs ont des bonnes
chances de gain а cause de la faiblesse "d4'} Kxc8 36. Bxd6 Bxd3 {[%csl Gd3,
Gd6]} 37. g4 (37. Ke3 Bf1 38. g4 g6 39. Ke4 Be2 40. g5 {[%cal Ge4e5,Ge5f6]} Kd7
41. Bf8 b5 42. f4) 37... Kd7 38. Bf8 g6 39. Ke3 Bc4 40. gxh5 gxh5 41. Ba3 Kc6
$17 42. Be7 Kb5 43. Bd8 Bd5 $1 {[%csl Rb2][%cal Gb5a6]} (43... Kb4 $2 44. Bxb6)
44. f4 Ka6 45. Kd3 b5 46. Kc2 b4 47. Kd3 Kb5 {La finale devient trés difficile
pour les blancs} 48. Bc7 Bc4+ (48... a4) 49. Kd2 a4 50. Bd6 (50. Kc2 a3 51.
bxa3 bxa3 52. Bd6 a2 53. Kb2 Kc6 $19 {[%cal Gc6f3,Gf3g3,Gg3h4]} 54. Be5 Kd5 55.
Bf6 Ke4 56. Bg5 Kxd4) 50... Bf1 51. Bc5 Kc4 52. Be7 Kb3 53. d5 exd5 54. Bf6 Bg2
55. Be5 Be4 56. Bf6 Kc4 57. Ke3 Bf5 58. Bg7 Be4 59. Bf6 Kb3 60. Kd2 a3 61. bxa3
bxa3 62. Be5 Kc4 63. Ke3 Kc5 64. Bc3 a2 65. Ba1 Kd6 66. Bd4 Ke6 67. Ba1 Kf5 68.
Bd4 Kg4 {[%mdl 4096]} 0-1

[Event "SUI-chT"]
[Site "Switzerland"]
[Date "2018.04.15"]
[Round "2.2"]
[White "Prusikin, Michael"]
[Black "Heimann, Andreas"]
[Result "1/2-1/2"]
[WhiteElo "2516"]
[BlackElo "2574"]
[Annotator "Prusikin,M"]
[PlyCount "85"]
[EventDate "2018.03.25"]
[EventType "team-tourn"]
[EventRounds "9"]
[EventCountry "SUI"]
[SourceTitle "EXT 2019"]
[Source "ChessBase"]
[SourceDate "2018.10.10"]
[SourceVersion "1"]
[SourceVersionDate "2018.10.10"]
[SourceQuality "1"]
[WhiteTeam "Wollishofen"]
[BlackTeam "Riehen"]
[WhiteTeamCountry "SUI"]
[BlackTeamCountry "SUI"]

1. Nf3 d5 2. d4 Nf6 3. e3 c5 4. dxc5 e6 5. c4 Bxc5 6. Nc3 (6. a3 O-O 7. b4 Be7
8. Bb2 a5 9. b5 Nbd7 10. Nbd2 b6 11. Be2 Bb7 12. O-O Rc8 13. Rc1 Nc5 14. cxd5
Nxd5 15. Nc4 a4 16. Nd4 $11 {1/2-1/2 (61) Heimann,A (2591)-Huschenbeth,N (2585)
Dresden 2017}) 6... O-O 7. a3 dxc4 8. Qxd8 Rxd8 9. Bxc4 a6 10. b4 Bd6 11. Bb2
b5 12. Be2 Bb7 13. O-O Nc6 14. Rfd1 Rac8 15. Nd2 $146 (15. h3) 15... Ne5 16.
Nb3 Nc4 17. Bxc4 Rxc4 18. Na5 Rc7 19. a4 $5 {Plötzlich hatte ich das Gefühl,
auf Gewinn spielen zu können, da die schwarzen Figuren im Moment etwas
unkoordiniert sind.} bxa4 20. b5 Nd5 $8 {Einzige Verteidigung, aber
ausreichend!} 21. Nxd5 (21. Ne4 $5) 21... Bxd5 22. b6 $6 (22. bxa6 $1 Ra8 23.
e4 (23. Nb7 $2 Bf8 $19) 23... Rxa6 24. exd5 Rxa5 25. dxe6 Be7 26. Rd7 $1 Rxd7
27. exd7 $11 {die Stellung habe ich in der Vorausberechnung gesehen, war mir
aber nicht ganz sicher, ob das wirklich Ausgleich ist.}) 22... Rc5 $1 {Den
habe ich aber übersehen, rechnete nur mit 22...Tc2.} (22... Rc2 23. Ba3 $11)
23. Rxa4 Rb5 24. Ba3 $1 Rxb6 25. e4 $5 {Vielleicht die beste praktische Chance,
sonst hat Weiß einfach einen Bauern weniger.} Bxe4 26. Rad4 $1 (26. Rxe4 Bxh2+
27. Kxh2 Rxd1 $19 {ist eine verschlechterte Version der Partiestellung}) 26...
Bc2 $1 27. Rc1 Bxh2+ 28. Kxh2 Rxd4 29. Bc5 $1 Rh4+ $8 30. Kg3 Rb5 31. Rxc2 {[#]
} g5 $6 (31... Ra4 32. Be3 h6 $19) 32. Nc6 f5 $2 33. Ne5 $6 {Zeitnot} (33. Bd4
$1 $15) 33... Re4 34. Nd7 Rg4+ (34... Kf7 $1 35. f3 Re1 36. Kf2 Rd1 37. Ne5+
Kf6 38. Ke2 Rd5 39. Nd3 Rb3 40. Nc1 Rb8 $17) 35. Kh2 Rh4+ 36. Kg3 Rb7 37. Rd2
$8 (37. Ne5 Rc7 $19) 37... Rc4 38. Bb6 $8 Rb4 $2 (38... Rc8 $17) 39. Bd8 $1 {
...und plötzlich ist die Welt wieder in Ordnung!} Rg4+ 40. Kh2 Rh4+ 41. Kg3
Rbb4 42. Bf6 $1 Rhg4+ 43. Kh3 1/2-1/2

[Event "Pulvermuehle 6th"]
[Site "Pulvermuehle"]
[Date "2006.02.26"]
[Round "2"]
[White "Bezold, Michael"]
[Black "Prusikin, Michael"]
[Result "0-1"]
[WhiteElo "2534"]
[BlackElo "2563"]
[Annotator "Prusikin,M"]
[PlyCount "118"]
[EventDate "2006.02.25"]
[EventType "tourn"]
[EventRounds "9"]
[EventCountry "GER"]
[EventCategory "12"]
[SourceTitle "CBM 112"]
[Source "ChessBase"]
[SourceDate "2006.06.07"]
[SourceVersion "1"]
[SourceVersionDate "2006.06.07"]
[SourceQuality "1"]

{Ein Jahr zuvor habe ich gegen Michael bei dem gleichen Anlass eine
spektakuläre Niederlage erlitten und wollte natürlich eine Revanche.} 1. d4
Nf6 2. Nf3 e6 3. g3 d5 4. Bg2 b5 5. O-O {Die Stellung habe ich bereits mit
beiden Farben gespielt:} Nbd7 (5... Bb7 6. Bg5 (6. c3 Nbd7 7. a4 b4 8. cxb4
Bxb4 9. Bd2 c5 10. dxc5 Bxc5 11. b4 Be7 12. Bc3 O-O 13. Nbd2 Rc8 14. Qb3 Bd6
15. Rfc1 e5 16. Bb2 Qb6 17. b5 Ng4 18. e3 Nc5 19. Rxc5 Qxc5 20. h3 Nf6 21. Nxe5
Qc2 22. Rd1 Rfe8 23. Nef3 Ne4 24. Nd4 Qc7 25. N2f3 Bf8 26. Ne1 Qa5 27. Nd3 Nd2
28. Qa2 Rc4 29. Ra1 Ne4 30. Qb3 Rec8 31. Ne5 Nxf2 32. Nxc4 dxc4 33. Qc3 Bb4 34.
Qc2 Bxg2 35. Kxg2 Nd3 36. Nc6 Rxc6 37. bxc6 Qd5+ 38. Kh2 Qxc6 39. Rf1 Bd6 40.
Bd4 h5 41. Qg2 Qc7 42. Qa8+ Kh7 43. Qe4+ Kg8 44. Qe8+ Bf8 45. h4 a6 46. Rf5 Qb7
47. Rxh5 {1-0 (47) Prusikin,M (2519)-Balogh,C (2456) Miskolc 2004}) 6... Nbd7
7. Nbd2 c5 8. c3 Be7 9. a4 b4 10. cxb4 cxb4 11. Nb3 O-O 12. Qd3 h6 13. Bxf6
Bxf6 14. Rfc1 a5 15. e3 Ba6 16. Qd1 Qb6 17. Bf1 Rfc8 18. Bxa6 Qxa6 19. Qf1
Qxf1+ 20. Kxf1 Rxc1+ 21. Rxc1 Nb6 22. Nc5 Rc8 23. b3 Nd7 24. Nd3 Rxc1+ 25. Nxc1
Be7 26. Ne5 Nb8 27. Ncd3 f6 28. Ng6 Kf7 29. Nxe7 Kxe7 30. Ke2 Nc6 31. Nc5 e5
32. Kd3 exd4 33. exd4 f5 34. h4 {½-½ (34) Huebner,R (2615)-Prusikin,M (2507)
Switzerland 2006}) 6. Bg5 Be7 7. Qd3 a6 (7... c5 $5 8. Qxb5 (8. dxc5 Nxc5 9.
Qxb5+ Bd7 10. Qb4 Nce4 11. Qe1 Nxg5 12. Nxg5 Rb8 $15 {Schwarz hat mehr als
genug Kompensation}) 8... Rb8 $15) 8. Nbd2 Bb7 9. Bxf6 $5 Bxf6 $1 (9... Nxf6
10. Nb3 O-O 11. a4 b4 12. Rfc1 $14) 10. e4 $6 (10. b4 $1 {versprach Weiß evtl.
Chancen auf einen minimalen Eröffnungsvorteil}) 10... O-O 11. Rfe1 $146 (11.
c3 e5 $2 (11... c5 $1) 12. dxe5 dxe4 13. Nxe4 Nxe5 14. Nxf6+ Qxf6 15. Nxe5 Bxg2
16. Nd7 Qc6 17. Nxf8 Rxf8 18. Rfe1 Bh1 19. Qf1 g5 20. Re5 f6 21. Re7 g4 22. Rd1
Rf7 23. Rxf7 Kxf7 24. Rd4 h5 25. h3 Be4 26. Kh2 Bf5 27. Qg2 Qxg2+ 28. Kxg2
gxh3+ 29. Kh2 Ke6 30. f3 c5 31. Rh4 Bg6 32. Kxh3 f5 33. b4 cxb4 34. cxb4 {
1-0 (34) Veingold,A (2465)-Sanchez Guirado,F (2335) Aviles 1992}) 11... c5 $15
12. e5 Be7 {Nun entstand eine für den Nachziehenden sehr günstige Version
der Französischen Verteidigung, mit klaren Spiel am Damenflügel und ohne das
weiße Gegenspiel auf der anderen Seite.} 13. h4 b4 14. Qe3 Qb6 15. Rad1 Rac8
16. Nb3 a5 17. Ng5 Ba6 18. Bh3 h6 19. Nf3 a4 20. dxc5 Nxc5 21. Nbd4 Rc7 $17 22.
Nd2 a3 23. bxa3 bxa3 24. Rb1 Qa5 25. Bf1 Bxf1 26. Rxf1 Na4 27. Rb3 Nc3 28. Nb1
Rfc8 29. Nxc3 Rxc3 30. Qe2 Bc5 31. Nb5 Rxb3 32. cxb3 Bb6 $6 {Hier verpasste
ich bereits einen konkreten Gewinn:} (32... Rb8 33. Nd6 Qc3 {[%csl Gg3][%cal
Gc3g3]} 34. Kg2 Qb2 35. Kf3 f6 $19) 33. Kg2 Qa6 $1 {Der Damentausch würde die
schwarze Sache vereinfachen, da er eine Reihe von Stellungsvorteilen besitzt:
bessere Leichfigur, offene Linie, bessere Bauernstruktur (xa2).} 34. Re1 h5 $1
{Ein wichtiger Zug, Schwarz gelingt, um es mit Karpov zu sagen, "ein Blick in
die Zukunft. Und in der nahen Zukunft wird der Schwarz König den Pfad
g8-h7-g6-f5 nehmen wollen.} 35. Nd6 Qxe2 36. Rxe2 Rc1 37. b4 Rb1 38. Nb5 Rxb4
39. Nxa3 {[%cal Gg8h7,Gh7g6,Gg6f5]} Kh7 40. Kf3 Kg6 41. Nc2 Ra4 42. Ne1 Kf5 43.
Kg2 Re4 $19 44. Rxe4 Kxe4 45. Nf3 d4 46. Ng5+ Kd3 47. Nxf7 Kc2 48. Ng5 d3 49.
Ne4 d2 50. Nxd2 Kxd2 51. Kf3 Kd3 52. a4 Kc4 53. Kg2 Kd5 54. f4 Ke4 55. Kh3 Kf5
56. Kh2 Kg4 57. Kg2 g6 58. Kh2 Kf3 59. Kh3 Ba5 0-1